[Event "Challenge"]
[Site "http://www.queenalice.com/game.php?id=924229"]
[Date "2011.4.10"]
[Round "-"]
[White "ZKTI"]
[Black "toldowisky"]
[Result "0-1"]
[WhiteElo "1055"]
[BlackElo "1648"]

1. e4 c5 2. e5 Nc6 3. a3 Nxe5 4. c4 Nxc4 5. Bxc4 d5 6. Bb5+ Bd7 7. a4 Bxb5 8.
axb5 Qb6 9. Qb3 Nf6 10. d3 e5 11. Nc3 Bd6 12. Nge2 Be7 13. Nxd5 Qd6 14. Nxf6+
Bxf6 15. O-O O-O 16. Ng3 Qd7 17. Ne4 Be7 18. Bg5 b6 19. Bxe7 Qxe7 20. Nc3 Rfd8
21. Rad1 Rd7 22. Nd5 Qe6 23. Ne7+ Rxe7 24. Qxe6 Rxe6 25. Rfe1 f6 26. d4 cxd4 27.
Re2 a6 28. g3 Rc6 29. bxc6 Rc8 30. Rc1 Kf7 31. b4 Rc7 32. f4 Ke6 33. Rd2 Kd5 34.
h4 Rxc6 35. Rxc6 Kxc6 36. g4 Kb5 37. g5 Kxb4 38. fxe5 fxe5 39. h5 Kc3 40. Re2 d3
41. Kf1 d2 42. Re3+ Kc2 43. Re2 Kc1 44. Rxd2 Kxd2 45. Kf2 a5 46. Kf3 a4 47. Ke4
a3 48. Kxe5 a2 0-1

[Event "Challenge"]
[Site "http://www.queenalice.com/game.php?id=936424"]
[Date "2011.5.10"]
[Round "-"]
[White "toldowisky"]
[Black "doufan"]
[Result "0-1"]
[WhiteElo "1699"]
[BlackElo "1761"]

1. d4 d5 2. c4 dxc4 3. Nf3 Nf6 4. Nc3 g6 5. e4 Bg7 6. Bxc4 O-O 7. O-O Bg4 8. Qd3
Bxf3 9. gxf3 Nc6 10. Ne2 e6 11. a3 a6 12. d5 Ne5 13. Qb3 Nxc4 14. Qxc4 exd5 15.
exd5 Qxd5 16. Qxd5 Nxd5 17. Rb1 Rfe8 18. Ng3 Rad8 19. b4 Nc3 20. Rb3 h5 21. Bb2
Rd3 22. Bxc3 Rxc3 23. Rxc3 Bxc3 24. Ne4 Be5 25. f4 Bb2 26. f3 Kg7 27. a4 Rd8 28.
Rb1 Bd4+ 29. Kg2 Be3 30. Kg3 Rd4 31. Re1 Bd2 32. Rd1 Bxf4+ 33. Kxf4 Rxd1 0-1

[Event "Challenge"]
[Site "http://www.queenalice.com/game.php?id=941074"]
[Date "2011.5.21"]
[Round "-"]
[White "toldowisky"]
[Black "pork_chop"]
[Result "1-0"]
[WhiteElo "1686"]
[BlackElo "1608"]

1. e4 Nc6 2. d4 e6 3. Nc3 Nf6 4. Bc4 b6 5. Nf3 g6 6. Bg5 h6 7. Bd2 Bd6 8. e5 Be7
9. exf6 Bxf6 10. Be3 d5 11. Bb3 Ba6 12. Ba4 Bb7 13. Ne5 Qd6 14. Nb5 Qb4+ 15. c3
Qe7 16. Bf4 g5 17. Bg3 Bg7 18. Nxc6 Bxc6 19. Nxc7+ Kd8 20. Nxa8 Bxa8 21. O-O h5
22. h3 h4 23. Be5 f6 24. Bb8 e5 25. Re1 Kc8 26. Bxe5 fxe5 27. Qg4+ Kd8 28. Re2
e4 29. Rae1 Bf8 30. Bc2 Qf6 31. c4 Qxd4 32. Ba4 Rh7 33. cxd5 Qxd5 34. Rd1 Qxd1+
35. Bxd1 Rd7 36. Qxg5+ Kc7 37. Rc2+ Bc6 38. Qxh4 e3 39. Qf4+ Kb7 40. Bf3 Bc5 41.
Bxc6+ Kxc6 42. b4 Rd1+ 43. Kh2 exf2 44. Qxf2 Kd5 45. Qf5+ Kd4 46. Qd7+ Ke5 47.
Qxd1 Bxb4 48. Re2+ Kf4 49. Qf1+ Kg5 50. Re8 Bd6+ 51. g3 a5 52. Rg8+ Kh6 53. Qf6+
Kh7 54. Qg6# 1-0

[Event "Challenge"]
[Site "http://www.queenalice.com/game.php?id=941077"]
[Date "2011.5.21"]
[Round "-"]
[White "toldowisky"]
[Black "boxchov"]
[Result "1-0"]
[WhiteElo "1652"]
[BlackElo "1635"]

1. d4 d5 2. Nf3 Nf6 3. Bg5 Ne4 4. Bh4 Bg4 5. e3 g6 6. Be2 Bg7 7. O-O O-O 8. Nbd2
Nc6 9. Nxe4 dxe4 10. Nd2 Qd7 11. Bxg4 e6 12. Nxe4 f6 13. c4 f5 14. Nc5 Qd6 15.
Bf3 Nxd4 16. exd4 Bxd4 17. Nxe6 Rfe8 18. Nxd4 Rad8 19. Nb5 Qf4 20. Bxd8 Re5 21.
Bxc7 Kg7 22. Qd7+ Kh6 23. Rfe1 Rc5 24. Bxf4+ g5 25. Re6# 1-0

[Event "Challenge"]
[Site "http://www.queenalice.com/game.php?id=955709"]
[Date "2011.7.1"]
[Round "-"]
[White "hirano"]
[Black "toldowisky"]
[Result "0-1"]
[WhiteElo "1630"]
[BlackElo "1685"]

1. d4 d5 2. Nc3 Nf6 3. Nf3 Nc6 4. Bf4 e6 5. e3 Bb4 6. Bb5 Ne4 7. Qd3 g5 8. Be5
f6 9. Bg3 h5 10. a3 Bxc3+ 11. bxc3 h4 12. Be5 fxe5 13. Nxe5 Bd7 14. f3 Nd6 15.
Qg6+ Kf8 16. Nxd7+ Qxd7 17. Qxg5 Nxb5 18. Qf6+ Kg8 19. Qg6+ Qg7 20. Qxe6+ Qf7
21. Qg4+ Kf8 22. e4 dxe4 23. fxe4 Rg8 24. Qxh4 Rxg2 25. Rf1 Qxf1+ 26. Kxf1 Rg8
27. Ke2 Nd6 0-1

[Event "Challenge"]
[Site "http://www.queenalice.com/game.php?id=1133285"]
[Date "2012.12.21"]
[Round "-"]
[White "ZKTIE"]
[Black "toldowisky"]
[Result "0-1"]
[WhiteElo "1409"]
[BlackElo "1740"]

1. e4 c5 2. Na3 a6 3. Bc4 Nc6 4. b3 e6 5. Nf3 d5 6. exd5 exd5 7. Qe2+ Be6 8. Bd3
Bd6 9. Bb2 Nf6 10. Ne5 O-O 11. h3 Re8 12. O-O Bxh3 13. gxh3 Nxe5 14. f4 Nc4 15.
Qg2 Nxb2 16. Rf3 Nxd3 17. cxd3 Nh5 18. Nc2 Nxf4 19. Qg4 h5 20. Qg3 Ne2+ 0-1

[Event "Challenge"]
[Site "http://www.queenalice.com/game.php?id=1139366"]
[Date "2013.1.11"]
[Round "-"]
[White "toldowisky"]
[Black "ZKTIE"]
[Result "1-0"]
[WhiteElo "1754"]
[BlackElo "1377"]

1. d4 d5 2. c4 e6 3. Nc3 Nc6 4. Nf3 Nf6 5. Bg5 h6 6. Bh4 Be7 7. cxd5 exd5 8. e3
Ne4 9. Bxe7 Qxe7 10. Nxd5 Qd6 11. Bc4 Be6 12. Qb3 a6 13. Nxc7+ Qxc7 14. Bxe6
fxe6 15. Qxe6+ Ne7 16. Qxe4 O-O-O 17. O-O Rhe8 18. Qg4+ Rd7 19. Rfc1 Nc6 20. d5
Kb8 21. Rc5 Red8 22. Qe6 Rd6 23. Qf5 g6 24. Qe4 Qb6 25. Rac1 Qxb2 26. g3 Nb4 27.
Rb1 Qa3 28. Qxb4 Qxa2 29. Qxb7# 1-0

[Event "Challenge"]
[Site "http://www.queenalice.com/game.php?id=1140611"]
[Date "2013.1.14"]
[Round "-"]
[White "ValterPinto"]
[Black "toldowisky"]
[Result "0-1"]
[WhiteElo "1721"]
[BlackElo "1753"]

1. e4 e5 2. Nf3 Nc6 3. d4 exd4 4. Nxd4 Bc5 5. Nxc6 Qf6 6. Qf3 Qxc6 7. Nc3 Qf6 8.
Be2 c6 9. O-O Qxf3 10. Bxf3 b5 11. Bf4 Ne7 12. Rad1 O-O 13. a3 a5 14. Ne2 a4 15.
Ng3 Ng6 16. Bd2 Ne5 17. Be2 d6 18. Bc3 Re8 19. Nf5 Bxf5 20. exf5 Rad8 21. h3 Ng6
22. Bf3 Ne7 23. f6 Nf5 24. Bxc6 Re2 25. Bxb5 Rxc2 26. Bd3 Rxc3 27. bxc3 Ng3 28.
Rfe1 Nh5 29. fxg7 Bxa3 30. Be4 Bc5 31. Kf1 Kxg7 32. Bd5 Kf8 33. Rb1 Nf6 34. Ba2
a3 35. Rb7 Rd7 36. Rb8+ Kg7 37. g4 h6 38. f4 Ra7 39. g5 hxg5 40. fxg5 Nd5 41.
Ree8 Nxc3 42. Rg8+ Kh7 43. Rh8+ Kg6 44. Rbg8+ Kf5 45. Bc4 a2 46. Bxa2 Rxa2 47.
h4 Be3 0-1

[Event "Challenge"]
[Site "http://www.queenalice.com/game.php?id=1148941"]
[Date "2013.2.5"]
[Round "-"]
[White "Catao"]
[Black "toldowisky"]
[Result "1-0"]
[WhiteElo "2077"]
[BlackElo "1756"]

1. d4 d5 2. c4 c6 3. Nf3 Nf6 4. e3 Bf5 5. cxd5 cxd5 6. Nc3 e6 7. Be2 Bd6 8. O-O
O-O 9. Qb3 b6 10. Nh4 Bg4 11. Qd1 a6 12. Bxg4 Nxg4 13. Qxg4 f5 14. Qh5 Rf6 15.
Qd1 Rh6 16. Nf3 g5 17. Ne5 Nd7 18. f4 Nxe5 19. fxe5 Be7 20. Ne2 Kh8 21. Ng3 Qe8
22. Bd2 Qg6 23. Be1 Rf8 24. Nh1 g4 25. Bg3 Bh4 26. Bf4 Bg5 27. g3 Qh5 28. Rf2
Bxf4 29. exf4 Qe8 30. Qc2 Rg6 31. Rc1 h5 32. Qc7 Qb5 33. Rfc2 Qd3 34. Qe7 Qxd4+
35. Nf2 Rfg8 36. Rc7 Rh6 37. Rc8 1-0

[Event "Challenge"]
[Site "http://www.queenalice.com/game.php?id=1161169"]
[Date "2013.3.15"]
[Round "-"]
[White "toldowisky"]
[Black "Catao"]
[Result "1-0"]
[WhiteElo "1768"]
[BlackElo "2063"]

1. e4 c5 2. Ne2 Nc6 3. Nbc3 d6 4. d4 cxd4 5. Nxd4 Nf6 6. Be2 e6 7. Be3 a6 8. Qd2
Be7 9. g4 Nxd4 10. Qxd4 e5 11. Qd2 Nxg4 12. Bxg4 Bxg4 13. Rg1 Qd7 14. Nd5 Bd8
15. h3 Bxh3 16. Rxg7 Be6 17. Bb6 Bxd5 18. Qxd5 Bxb6 19. O-O-O Bxf2 20. Rf1 Be3+
21. Kb1 Bf4 22. Rfg1 Bh6 23. Rg8+ Rxg8 24. Rxg8+ Bf8 25. Rh8 Qh3 26. b3 Qf1+ 27.
Kb2 Qb5 28. Qxd6 1-0

[Event "Challenge"]
[Site "http://www.queenalice.com/game.php?id=1170355"]
[Date "2013.4.11"]
[Round "-"]
[White "ArnoBlack"]
[Black "toldowisky"]
[Result "0-1"]
[WhiteElo "1702"]
[BlackElo "1831"]

1. b4 e6 2. Bb2 Nf6 3. a3 c5 4. b5 d5 5. e3 Be7 6. Nf3 Bd7 7. Ne5 Qb6 8. a4 a6
9. Nxd7 Nbxd7 10. c4 O-O 11. Qf3 axb5 12. cxb5 Rfe8 13. Nc3 Qd6 14. h4 Ne5 15.
Qe2 c4 16. Qd1 d4 17. exd4 Qxd4 18. Qc2 Bc5 19. Ne4 Qxe4+ 20. Qxe4 Nxe4 21. Bxe5
Bxf2+ 22. Ke2 Bb6 23. Rh3 Red8 24. Bc3 Bd4 25. Bxd4 Rxd4 26. Ke3 Rad8 27. Rd1
Nc3 28. Rc1 Nxa4 29. Rxc4 Rxc4 30. Bxc4 Nb6 31. Be2 Nd5+ 32. Kf3 Nc7 33. Ke3 Rd5
34. Rh1 Nxb5 35. Bc4 Re5+ 36. Kd3 Nd6 37. Ra1 g6 38. Bb3 Re4 39. Ra8+ Kg7 40.
Rd8 Rb4 41. Rxd6 Rxb3+ 42. Ke2 Rb1 43. g3 b5 44. Rd4 b4 45. Rc4 b3 46. Rb4 h6
47. d4 f5 48. Ke3 Kf6 49. Rb6 b2 50. Kd2 Rg1 51. Kc2 b1=Q+ 52. Rxb1 Rxb1 53.
Kxb1 f4 54. gxf4 Kf5 55. Kc2 Kxf4 56. Kd3 g5 57. hxg5 hxg5 58. Kc4 g4 59. d5
exd5+ 60. Kd4 g3 61. Kxd5 g2 0-1

[Event "Challenge"]
[Site "http://www.queenalice.com/game.php?id=1190067"]
[Date "2013.6.11"]
[Round "-"]
[White "Kowalsck"]
[Black "toldowisky"]
[Result "0-1"]
[WhiteElo "1642"]
[BlackElo "1842"]

1. e4 e5 2. Bc4 Nf6 3. Nc3 Bb4 4. Nf3 Nc6 5. d3 d6 6. h3 Na5 7. Bd2 Nxc4 8. Qc1
Nxd2 9. Qxd2 a6 10. a3 Bc5 11. Na4 Ba7 12. Nc3 c6 13. O-O b5 14. b4 Bb7 15. Nh4
Nxe4 16. Nxe4 O-O 17. Nf5 Bb8 18. Nh6+ gxh6 19. Qxh6 f5 20. Ng5 Qe7 21. Rae1 Rf6
22. Qh4 Rg6 23. Nf3 Qc7 24. Qh5 Qf7 25. Ng5 Qg7 26. f4 Ba7+ 27. Kh1 h6 28. Nf3
Rxg2 29. fxe5 c5 30. Rg1 Rg3 31. Qxf5 Bxf3+ 32. Qxf3 Rxf3 33. Rxg7+ Kxg7 34. Kg2
Raf8 0-1